000
00276nam a2200145Ia 4500
100
_a
Astrom/K.J.
942
_c
BK
654
_a
electronics
245
_a
PID Controller
260
_b
none
082
_a
629.895
_b
AST
300
_a
323
546
_a
ENGLISH
999
_c
35645
_d
35645